[Event "Campeonato del Mundo sub-20 2010"]
[Site "Chotowa POL"]
[Date "2010.08.13"]
[Round "10.37"]
[White "Huschenbeth, Niclas"]
[Black "Posedaru, Bogdan"]
[Result "1/2-1/2"]
[WhiteElo "2459"]
[BlackElo "2294"]
[PlyCount "71"]
[EventDate "2010.08.03"]
[EventType "swiss"]
[EventRounds "13"]
[EventCountry "POL"]
[Source "lmi"]
[SourceDate "2010.08.03"]

1. e4 e5 2. Nf3 Nf6 3. Nxe5 d6 4. Nf3 Nxe4 5. d4 d5 6. Bd3 Nc6 7. O-O Be7 8.
Re1 Bg4 9. c3 f5 10. Nbd2 O-O 11. Qb3 Na5 12. Qa4 Nc6 13. Bb5 Nxd2 14. Nxd2 Qd6
15. Nb3 Bh4 16. Nc5 Bxf2+ 17. Kxf2 Qxh2 18. Bg5 f4 19. Rh1 Qg3+ 20. Kg1 f3 21.
Qc2 Bf5 22. Qd2 f2+ 23. Kf1 Rae8 24. Bf4 Re1+ 25. Rxe1 fxe1=Q+ 26. Qxe1 Qxf4+
27. Kg1 Nxd4 28. Rh4 Bg4 29. cxd4 Qxd4+ 30. Kh2 Qxc5 31. Rxg4 Qxb5 32. Qe6+ Kh8
33. Qe7 Rg8 34. Rxg7 Rxg7 35. Qf8+ Rg8 36. Qf6+ 1/2-1/2

[Event "Campeonato del Mundo sub-20 2010"]
[Site "Chotowa POL"]
[Date "2010.08.13"]
[Round "10.38"]
[White "Sagar, Shah Dharmendra"]
[Black "Ashwin, Jayaram"]
[Result "1-0"]
[WhiteElo "2285"]
[BlackElo "2454"]
[PlyCount "117"]
[EventDate "2010.08.03"]
[EventType "swiss"]
[EventRounds "13"]
[EventCountry "POL"]
[Source "lmi"]
[SourceDate "2010.08.03"]

1. d4 Nf6 2. c4 g6 3. Nc3 Bg7 4. Nf3 d6 5. Bg5 h6 6. Bh4 g5 7. Bg3 Nh5 8. e3 c5
9. d5 Qa5 10. Rc1 Na6 11. a3 Nc7 12. Nd2 Nxg3 13. hxg3 Bd7 14. Bd3 b5 15. cxb5
Nxb5 16. Nc4 Qa6 17. Ne4 Kf8 18. O-O Qb7 19. Ned2 Rb8 20. a4 Nc7 21. e4 h5 22.
b4 Na6 23. b5 Nb4 24. Na5 Qc7 25. Ndc4 a6 26. Nc6 axb5 27. axb5 Na2 28. Nxb8
Qxb8 29. b6 Bb5 30. Qb3 Nb4 31. Nb2 Qxb6 32. Bxb5 Qxb5 33. Ra1 Bf6 34. Ra8+ Kg7
35. Rxh8 Kxh8 36. Nc4 Qd7 37. Qf3 g4 38. Qf4 Kh7 39. Rd1 Qa4 40. Ne3 Kg6 41.
Qf5+ Kh6 42. Qc8 Na2 43. Qg8 Qxe4 44. Qxf7 Nc3 45. Re1 Nb5 46. Qf8+ Kh7 47. Qe8
Nc3 48. Qxh5+ Kg8 49. Rf1 Ne2+ 50. Kh2 Nxg3 51. fxg3 Qxe3 52. Rf4 Qe5 53. Rf5
Qd4 54. Rf4 Qe5 55. Qe8+ Kh7 56. Rxg4 Qf5 57. Qf7+ Kh6 58. Rh4+ Bxh4 59. Qxf5
1-0

[Event "Campeonato del Mundo sub-20 2010"]
[Site "Chotowa POL"]
[Date "2010.08.13"]
[Round "10.39"]
[White "Ivanov, Stojan Lubomirov"]
[Black "Sieciechowicz, Marcin"]
[Result "0-1"]
[WhiteElo "2223"]
[BlackElo "2445"]
[PlyCount "100"]
[EventDate "2010.08.03"]
[EventType "swiss"]
[EventRounds "13"]
[EventCountry "POL"]
[Source "lmi"]
[SourceDate "2010.08.03"]

1. e4 e6 2. d4 d5 3. e5 c5 4. c3 Qb6 5. Nf3 Nc6 6. a3 c4 7. Nbd2 Na5 8. Be2 Bd7
9. O-O Ne7 10. Re1 O-O-O 11. Rb1 Qc7 12. Nf1 h6 13. h4 f5 14. Bf4 Kb8 15. Qd2
Ka8 16. Qe3 Nc8 17. h5 Be7 18. Bg3 Rdf8 19. Bf4 Be8 20. N3d2 Nb6 21. Ng3 Rfg8
22. Bf3 Qc8 23. Ne2 g5 24. hxg6 Bxg6 25. Kf1 Qe8 26. Ng1 Bh5 27. Bxh5 Qxh5 28.
Qh3 Qg6 29. Re3 Nb3 30. Nxb3 cxb3 31. Qf3 Nc4 32. Rd3 Qg4 33. Qxg4 Rxg4 34. Ne2
h5 35. f3 Rg7 36. Nc1 Rhg8 37. g3 Bg5 38. Bxg5 Rxg5 39. f4 Rxg3 40. Rxg3 Rxg3
41. Nxb3 Rg4 42. Ke2 b6 43. Kf3 h4 44. Rh1 Nxb2 45. Nc1 Nc4 46. a4 Nd2+ 47. Ke3
Ne4 48. Ne2 Ng3 49. Rg1 Nxe2 50. Rxg4 fxg4 0-1

[Event "Campeonato del Mundo sub-20 2010"]
[Site "Chotowa POL"]
[Date "2010.08.13"]
[Round "10.40"]
[White "Lomsadze, Davit"]
[Black "Lewicki, Miroslaw"]
[Result "1-0"]
[WhiteElo "2364"]
[BlackElo "2149"]
[PlyCount "87"]
[EventDate "2010.08.03"]
[EventType "swiss"]
[EventRounds "13"]
[EventCountry "POL"]
[Source "lmi"]
[SourceDate "2010.08.03"]

1. g3 c5 2. Bg2 Nc6 3. c4 Nf6 4. Nc3 e6 5. e4 d6 6. d3 Be7 7. f4 Rb8 8. h3 a6
9. g4 Nd4 10. Nce2 b5 11. Nxd4 cxd4 12. cxb5 Qa5+ 13. Kf2 Qxb5 14. Nf3 e5 15.
a4 Qc5 16. b4 Qxb4 17. fxe5 dxe5 18. Nxe5 Qc5 19. Nc4 Be6 20. e5 Nd5 21. Ba3
Nb4 22. Nd6+ Bxd6 23. exd6 Qxd6 24. Qf3 O-O 25. Rac1 Qd7 26. Bxb4 Rxb4 27. Qc6
Rxa4 28. Qxd7 Bxd7 29. Kg3 Ra3 30. Rhd1 Bb5 31. Be4 Rc3 32. Rxc3 dxc3 33. d4
Rd8 34. d5 Kf8 35. Kf4 Rc8 36. d6 Ke8 37. Bf5 Rc4+ 38. Ke5 g6 39. Bc2 Ba4 40.
Bxa4+ Rxa4 41. Rb1 Rc4 42. Kd5 c2 43. Re1+ Kd7 44. Kxc4 1-0

[Event "Campeonato del Mundo sub-20 2010"]
[Site "Chotowa POL"]
[Date "2010.08.13"]
[Round "10.41"]
[White "Pavlidis, Anastasios"]
[Black "Herman, Jean"]
[Result "1-0"]
[WhiteElo "2359"]
[BlackElo "2094"]
[PlyCount "56"]
[EventDate "2010.08.03"]
[EventType "swiss"]
[EventRounds "13"]
[EventCountry "POL"]
[Source "lmi"]
[SourceDate "2010.08.03"]

1. e4 c5 2. Nf3 d6 3. d4 cxd4 4. Nxd4 Nf6 5. Nc3 g6 6. Be3 Bg7 7. f3 O-O 8. Qd2
Nc6 9. Bc4 Bd7 10. O-O-O Rc8 11. Bb3 Ne5 12. Bg5 Nc4 13. Bxc4 Rxc4 14. e5 Ne8
15. exd6 Nxd6 16. Nde2 Bf5 17. g4 Be6 18. Bxe7 Qxe7 19. Qxd6 Qg5+ 20. Kb1 Rfc8
21. Nd4 Rxc3 22. bxc3 Qa5 23. Nxe6 Qxc3 24. Qd8+ Bf8 25. Qd3 fxe6 26. Qxc3 Rxc3
27. Rd3 Rxd3 28. cxd3 Bc5 1-0

[Event "Campeonato del Mundo sub-20 2010"]
[Site "Chotowa POL"]
[Date "2010.08.13"]
[Round "10.42"]
[White "Pagerka, Martin"]
[Black "Anton, Teodor"]
[Result "1-0"]
[WhiteElo "2215"]
[BlackElo "2350"]
[PlyCount "59"]
[EventDate "2010.08.03"]
[EventType "swiss"]
[EventRounds "13"]
[EventCountry "POL"]
[Source "lmi"]
[SourceDate "2010.08.03"]

1. Nf3 c5 2. c4 Nf6 3. b3 e6 4. Bb2 b6 5. e3 Bb7 6. Be2 Be7 7. O-O O-O 8. Nc3
d6 9. d4 cxd4 10. exd4 Nbd7 11. Re1 Re8 12. Bd3 Rc8 13. Rc1 Bf8 14. a3 e5 15.
Bf5 g6 16. Bh3 e4 17. Nd2 Ra8 18. d5 Bh6 19. Bxd7 Nxd7 20. Ncxe4 Ne5 21. Rc3 f5
22. Rh3 Bg7 23. f4 fxe4 24. fxe5 dxe5 25. Rhe3 Bc8 26. Rxe4 Bf5 27. R4e3 Qd6
28. Qa1 Bh6 29. Rxe5 Rxe5 30. Bxe5 1-0

[Event "Campeonato del Mundo sub-20 2010"]
[Site "Chotowa POL"]
[Date "2010.08.13"]
[Round "10.44"]
[White "Schiendorfer, Emanuel"]
[Black "Roos, Adrian"]
[Result "1-0"]
[WhiteElo "2305"]
[BlackElo "2097"]
[PlyCount "57"]
[EventDate "2010.08.03"]
[EventType "swiss"]
[EventRounds "13"]
[EventCountry "POL"]
[Source "lmi"]
[SourceDate "2010.08.03"]

1. d4 Nf6 2. c4 e6 3. Nf3 c5 4. d5 exd5 5. cxd5 d6 6. Nc3 g6 7. Bf4 a6 8. a4
Bg7 9. h3 O-O 10. e3 Nh5 11. Bh2 f5 12. Be2 f4 13. O-O Bh6 14. Qd3 Nd7 15. Rae1
Ndf6 16. Bd1 Rb8 17. e4 Nd7 18. e5 dxe5 19. Nxe5 Nxe5 20. Rxe5 Bg7 21. Ree1 Bd4
22. Bg4 Bf5 23. Qf3 Ng3 24. Bxg3 fxg3 25. Qxg3 b5 26. axb5 axb5 27. d6 Rb6 28.
Bxf5 Rxf5 29. Ne4 1-0

[Event "Campeonato del Mundo sub-20 2010"]
[Site "Chotowa POL"]
[Date "2010.08.13"]
[Round "10.45"]
[White "Dimitrov, Pavel"]
[Black "Sreeves, Clement"]
[Result "1-0"]
[WhiteElo "2365"]
[BlackElo "2085"]
[PlyCount "53"]
[EventDate "2010.08.03"]
[EventType "swiss"]
[EventRounds "13"]
[EventCountry "POL"]
[Source "lmi"]
[SourceDate "2010.08.03"]

1. f4 c5 2. Nf3 g6 3. g3 Bg7 4. Bg2 Nc6 5. d3 d6 6. c3 e6 7. Na3 Nge7 8. O-O
O-O 9. e4 Rb8 10. Nc2 b5 11. d4 cxd4 12. cxd4 d5 13. e5 b4 14. Ne3 Qb6 15. b3
a5 16. Rf2 f6 17. exf6 Bxf6 18. Ng4 Bg7 19. Nge5 Na7 20. a4 Rb7 21. Rc2 Rc7 22.
Rxc7 Qxc7 23. Be3 Nf5 24. Bf2 Nd6 25. Rc1 Qb6 26. Qc2 Ne4 27. Qc7 1-0

[Event "Campeonato del Mundo sub-20 2010"]
[Site "Chotowa POL"]
[Date "2010.08.13"]
[Round "10.46"]
[White "Zhou, Yang-fan"]
[Black "Pecha, Tomas"]
[Result "1-0"]
[WhiteElo "2348"]
[BlackElo "2187"]
[PlyCount "89"]
[EventDate "2010.08.03"]
[EventType "swiss"]
[EventRounds "13"]
[EventCountry "POL"]
[Source "lmi"]
[SourceDate "2010.08.03"]

1. e4 e5 2. Nf3 Nf6 3. Nxe5 Nxe4 4. Qe2 Qe7 5. Qxe4 d6 6. d4 dxe5 7. Qxe5 Qxe5+
8. dxe5 Nc6 9. Nc3 Nxe5 10. Nb5 Bd6 11. Nxd6+ cxd6 12. Be3 Bf5 13. O-O-O Ke7
14. b3 Rhc8 15. Rd2 a6 16. f4 Nc6 17. Kb2 b5 18. c4 bxc4 19. Bxc4 Na5 20. Bd5
Rab8 21. Re1 Kf8 22. Rc1 Rxc1 23. Kxc1 Ke7 24. Bd4 g6 25. Bc3 Rc8 26. Kb2 Nc6
27. Bf3 h5 28. h3 Be6 29. g4 hxg4 30. hxg4 Rc7 31. g5 Na7 32. Bb4 Nc8 33. a4
Kd7 34. a5 d5 35. Bxd5 Bxd5 36. Rxd5+ Kc6 37. Rc5+ Kb7 38. Rxc7+ Kxc7 39. Bc5
Kc6 40. b4 Nd6 41. Bxd6 Kxd6 42. Kc3 Kc7 43. Kd4 Kd6 44. Ke4 Kc6 45. Ke5 1-0

[Event "Campeonato del Mundo sub-20 2010"]
[Site "Chotowa POL"]
[Date "2010.08.13"]
[Round "10.47"]
[White "Kantans, Toms"]
[Black "Swiech, Przemyslaw"]
[Result "0-1"]
[WhiteElo "2343"]
[BlackElo "2166"]
[PlyCount "53"]
[EventDate "2010.08.03"]
[EventType "swiss"]
[EventRounds "13"]
[EventCountry "POL"]
[Source "lmi"]
[SourceDate "2010.08.03"]

1. e4 c5 2. c3 d6 3. d4 Nf6 4. Bd3 Nc6 5. Ne2 g6 6. h3 Bg7 7. Be3 cxd4 8. cxd4
O-O 9. Nbc3 a6 10. O-O Nh5 11. Rc1 e5 12. Bc4 Qf6 13. Nd5 Qh4 14. Qd2 Nf6 15.
f3 h6 16. Nxf6+ Qxf6 17. Bxh6 Bxh6 18. Qxh6 Nxd4 19. Nxd4 exd4 20. f4 Be6 21.
f5 Bxc4 22. Rxc4 b5 23. Rc6 Rad8 24. Rxa6 Rfe8 25. Rf4 Qg7 26. Qg5 gxf5 27.
Rxf5 0-1

[Event "Campeonato del Mundo sub-20 2010"]
[Site "Chotowa POL"]
[Date "2010.08.13"]
[Round "10.49"]
[White "Larmuseau, Michiel"]
[Black "Kriebel, Tadeas"]
[Result "1-0"]
[WhiteElo "2068"]
[BlackElo "2320"]
[PlyCount "30"]
[EventDate "2010.08.03"]
[EventType "swiss"]
[EventRounds "13"]
[EventCountry "POL"]
[Source "lmi"]
[SourceDate "2010.08.03"]

1. e4 e5 2. Nf3 Nc6 3. Bb5 a6 4. Ba4 Nf6 5. O-O Be7 6. Re1 b5 7. Bb3 d6 8. h3
O-O 9. c3 Na5 10. Bc2 c5 11. d4 Qc7 12. d5 Nb7 13. Nbd2 c4 14. Nf1 Qc5 15. Ng3
g6 1-0

[Event "Campeonato del Mundo sub-20 2010"]
[Site "Chotowa POL"]
[Date "2010.08.13"]
[Round "10.52"]
[White "Podolsky, Anton"]
[Black "Kaleta, Blazej"]
[Result "0-1"]
[WhiteElo "2190"]
[BlackElo "1944"]
[PlyCount "98"]
[EventDate "2010.08.03"]
[EventType "swiss"]
[EventRounds "13"]
[EventCountry "POL"]
[Source "lmi"]
[SourceDate "2010.08.03"]

1. d4 d5 2. c4 c6 3. Nf3 Nf6 4. Nc3 e6 5. Bg5 Nbd7 6. cxd5 exd5 7. e3 Qa5 8.
Nd2 Bd6 9. Qc2 O-O 10. Bd3 Re8 11. Bh4 g6 12. a3 Bf8 13. O-O a6 14. b4 Qc7 15.
Rfc1 Re6 16. Rab1 b6 17. e4 Qa7 18. e5 Nh5 19. Nf3 Re8 20. Qb3 b5 21. a4 Nf4
22. Bf1 Nb6 23. Ra1 Qb8 24. a5 Nc4 25. Ne2 Ne6 26. Bf6 Qa7 27. Rc3 Bg7 28. Rd1
Qc7 29. Bxg7 Kxg7 30. h4 Qe7 31. h5 Ng5 32. Nxg5 Qxg5 33. hxg6 hxg6 34. Rg3 Qh4
35. f4 Bg4 36. Qc3 Rh8 37. Re1 Rh5 38. Kf2 Rf5 39. Kg1 Rh8 40. Rxg4 Qxg4 41. g3
g5 42. Bg2 gxf4 43. Nxf4 Rxf4 44. gxf4 Qxf4 45. Rf1 Qh2+ 46. Kf2 Rh4 47. Qg3+
Qxg3+ 48. Kxg3 Rxd4 49. Re1 Kf8 0-1

[Event "Campeonato del Mundo sub-20 2010"]
[Site "Chotowa POL"]
[Date "2010.08.13"]
[Round "10.53"]
[White "Aguirre Manzo, Leopoldo Antonio"]
[Black "Janus, Przemyslaw"]
[Result "1-0"]
[WhiteElo "2203"]
[BlackElo "2085"]
[PlyCount "57"]
[EventDate "2010.08.03"]
[EventType "swiss"]
[EventRounds "13"]
[EventCountry "POL"]
[Source "lmi"]
[SourceDate "2010.08.03"]

1. e4 c5 2. Nf3 d6 3. d4 cxd4 4. Nxd4 Nf6 5. Nc3 g6 6. f4 Nc6 7. Nxc6 bxc6 8.
e5 Nd7 9. exd6 exd6 10. Be3 Be7 11. Qd2 O-O 12. O-O-O Qa5 13. Bd3 Rb8 14. Rdf1
f5 15. Bd4 Nc5 16. Re1 Ne6 17. Rxe6 Bxe6 18. Qe3 Bf7 19. Qxe7 c5 20. Bf6 Rfe8
21. Qxd6 Rb6 22. Qc7 Qb4 23. Be5 Rb7 24. Qd6 Qxb2+ 25. Kd2 Qa3 26. Qf6 Rxe5 27.
fxe5 Rb6 28. Qh4 Kg7 29. Qa4 1-0

[Event "Campeonato del Mundo sub-20 2010"]
[Site "Chotowa POL"]
[Date "2010.08.13"]
[Round "10.54"]
[White "Lewtak, Damian"]
[Black "Hercules, Benjamin Vincent"]
[Result "1-0"]
[WhiteElo "2008"]
[BlackElo "2057"]
[PlyCount "54"]
[EventDate "2010.08.03"]
[EventType "swiss"]
[EventRounds "13"]
[EventCountry "POL"]
[Source "lmi"]
[SourceDate "2010.08.03"]

1. e4 c5 2. Nf3 Nc6 3. d4 cxd4 4. Nxd4 Nf6 5. Nc3 d6 6. Bc4 e6 7. Be3 Be7 8.
Qe2 a6 9. O-O-O Qc7 10. Bb3 O-O 11. Rhg1 Nd7 12. g4 Nc5 13. Nf5 b5 14. Bd5 Bb7
15. g5 Ne5 16. f4 Ng6 17. Nxe7+ Nxe7 18. Bxb7 Qxb7 19. Bxc5 dxc5 20. Rg3 Rad8
21. Rgd3 Rxd3 22. Qxd3 Nc6 23. Qd6 c4 24. f5 Qc8 25. Rd2 Rd8 26. Qxc6 Qb8 27.
Rxd8+ Qxd8 1-0

[Event "Campeonato del Mundo sub-20 2010"]
[Site "Chotowa POL"]
[Date "2010.08.13"]
[Round "10.56"]
[White "Zecevic, Ivan"]
[Black "Green, Andrew D"]
[Result "0-1"]
[WhiteElo "1995"]
[BlackElo "2172"]
[PlyCount "84"]
[EventDate "2010.08.03"]
[EventType "swiss"]
[EventRounds "13"]
[EventCountry "POL"]
[Source "lmi"]
[SourceDate "2010.08.03"]

1. e4 c5 2. Nf3 d6 3. d4 cxd4 4. Qxd4 a6 5. c4 Nc6 6. Qd2 g6 7. h3 Nf6 8. Nc3
Bg7 9. Bd3 O-O 10. O-O Nd7 11. b3 Nc5 12. Bb2 f5 13. exf5 Nxd3 14. Qxd3 Bxf5
15. Qe2 Qd7 16. Rfe1 Bxh3 17. gxh3 Bxc3 18. Bxc3 Qxh3 19. Nd4 Qxc3 20. Nxc6
bxc6 21. Qxe7 Qf6 22. Qxf6 Rxf6 23. Rad1 Kf7 24. Re3 Re6 25. Red3 Ke7 26. R1d2
Rf8 27. c5 d5 28. Rd4 g5 29. Ra4 Ra8 30. Rb4 h5 31. Rd3 g4 32. Rb7+ Kf6 33. Kg2
Kg5 34. Rg7+ Kf5 35. Kg3 Rh8 36. Rf7+ Rf6 37. Rxf6+ Kxf6 38. Rd4 Ke5 39. Rd1 d4
40. b4 Rf8 41. a4 Rf3+ 42. Kh4 Kf5 0-1

[Event "Campeonato del Mundo sub-20 2010"]
[Site "Chotowa POL"]
[Date "2010.08.13"]
[Round "10.57"]
[White "Parol, Pawel"]
[Black "Jasiak, Filip"]
[Result "1-0"]
[WhiteElo "1764"]
[BlackElo "1757"]
[PlyCount "85"]
[EventDate "2010.08.03"]
[EventType "swiss"]
[EventRounds "13"]
[EventCountry "POL"]
[Source "lmi"]
[SourceDate "2010.08.03"]

1. e4 c5 2. Nf3 d6 3. d4 cxd4 4. Nxd4 Nf6 5. Nc3 g6 6. Be3 Nc6 7. f3 Bg7 8. Qd2
O-O 9. O-O-O d5 10. exd5 Nxd5 11. Nxc6 bxc6 12. Bd4 Nxc3 13. Qxc3 Bh6+ 14. Be3
Bxe3+ 15. Qxe3 Qb6 16. Qxb6 axb6 17. Bc4 b5 18. Bb3 c5 19. a3 c4 20. Ba2 Be6
21. c3 Rfd8 22. Bb1 Kf8 23. Be4 Rab8 24. Rxd8+ Rxd8 25. Bc6 Bd7 26. Rd1 Ke8 27.
Rxd7 Rxd7 28. Bxb5 Kd8 29. Bxd7 Kxd7 30. f4 f5 31. Kd2 e5 32. fxe5 Ke6 33. a4
Kxe5 34. a5 Kd5 35. a6 Kc6 36. a7 Kb7 37. a8=Q+ Kxa8 38. Ke3 g5 39. Kd4 f4 40.
Kxc4 g4 41. Kd3 h5 42. Ke4 g3 43. h3 1-0

[Event "Campeonato del Mundo sub-20 2010"]
[Site "Chotowa POL"]
[Date "2010.08.13"]
[Round "10.58"]
[White "Drnovsek, Nejc"]
[Black "Lis, Marek"]
[Result "1/2-1/2"]
[WhiteElo "2173"]
[BlackElo "2072"]
[PlyCount "61"]
[EventDate "2010.08.03"]
[EventType "swiss"]
[EventRounds "13"]
[EventCountry "POL"]
[Source "lmi"]
[SourceDate "2010.08.03"]

1. d4 d6 2. Nf3 Nd7 3. c4 e5 4. Nc3 Ngf6 5. g3 exd4 6. Nxd4 g6 7. Bg2 Bg7 8.
O-O O-O 9. h3 a5 10. Ndb5 Nc5 11. Be3 Ne6 12. Qd2 Rb8 13. Rad1 b6 14. Na7 Bb7
15. Nc6 Bxc6 16. Bxc6 Nd7 17. b3 Kh8 18. Bh6 Bxh6 19. Qxh6 f5 20. Bd5 Qf6 21.
Qe3 Ndc5 22. f4 Ng7 23. Bc6 Nh5 24. Kg2 Rf7 25. Qd4 Re7 26. Kf3 Qxd4 27. Rxd4
Nf6 28. Nd5 Nxd5 29. Rxd5 Rf8 30. Rfd1 Rf6 31. e3 1/2-1/2

[Event "Campeonato del Mundo sub-20 2010"]
[Site "Chotowa POL"]
[Date "2010.08.13"]
[Round "10.60"]
[White "Bryan-vissi, Mark"]
[Black "Guo-yuthok, Sherab"]
[Result "0-1"]
[WhiteElo "1847"]
[BlackElo "1975"]
[PlyCount "90"]
[EventDate "2010.08.03"]
[EventType "swiss"]
[EventRounds "13"]
[EventCountry "POL"]
[Source "lmi"]
[SourceDate "2010.08.03"]

1. e4 e5 2. Nc3 Nc6 3. Bc4 d6 4. d3 h6 5. f4 Nf6 6. h3 Na5 7. Bb3 exf4 8. Bxf4
g5 9. Be3 Bg7 10. Nge2 a6 11. Qd2 c5 12. Rb1 Nxb3 13. axb3 b5 14. Ra1 Bb7 15.
Ng3 O-O 16. Nf5 Nh7 17. Nxg7 Kxg7 18. O-O Rc8 19. Rf5 f6 20. Ne2 Rc6 21. Ng3
Bc8 22. Rff1 d5 23. Qf2 d4 24. Bd2 Re8 25. Nf5+ Bxf5 26. Qxf5 Rce6 27. Ba5 Qd6
28. Qf2 Nf8 29. Qf5 Re5 30. Qf2 Ng6 31. Bd2 R5e7 32. Rfc1 Ne5 33. Qg3 Qd8 34.
Be1 c4 35. b4 Qc8 36. Bd2 Rd8 37. h4 Qc7 38. hxg5 hxg5 39. Kf1 Qd6 40. Rab1
Ree8 41. Ke2 Nxd3 42. Qxd6 Nxc1+ 43. Rxc1 Rxd6 44. Kf3 Rde6 45. Re1 Kg6 0-1

[Event "Campeonato del Mundo sub-20 2010"]
[Site "Chotowa POL"]
[Date "2010.08.14"]
[Round "11.2"]
[White "Cordova Daza, Emilio Arturo"]
[Black "Sjugirov, Sanan"]
[Result "0-1"]
[WhiteElo "2560"]
[BlackElo "2610"]
[PlyCount "128"]
[EventDate "2010.08.03"]
[EventType "swiss"]
[EventRounds "13"]
[EventCountry "POL"]
[Source "lmi"]
[SourceDate "2010.08.03"]

1. d4 d5 2. Nf3 Nf6 3. c4 c6 4. Nc3 e6 5. Bg5 dxc4 6. e3 b5 7. Be2 Bb7 8. O-O
Be7 9. Nd2 O-O 10. Bxf6 Bxf6 11. Bf3 a6 12. b3 cxb3 13. Nxb3 Nd7 14. Rc1 Be7
15. Ne4 e5 16. Ng3 Rc8 17. Nf5 Ba3 18. Rc3 g6 19. Nh6+ Kg7 20. Ng4 e4 21. Bxe4
f5 22. d5 c5 23. Qa1 Nf6 24. Nxf6 Qxf6 25. Bf3 Rfd8 26. Rd1 Bb4 27. Rcc1 Qxa1
28. Rxa1 Kf6 29. a3 c4 30. axb4 cxb3 31. Rdb1 Rc3 32. Kf1 Ke5 33. Ke1 Rdc8 34.
Bd1 Bxd5 35. Kd2 f4 36. Rb2 fxe3+ 37. fxe3 R3c4 38. Rxa6 Rxb4 39. Rb6 Ra8 40.
Be2 Ra2 41. Kc1 Rxb2 42. Kxb2 Ra4 43. Bd3 Bc4 44. Bb1 Ra7 45. h4 Rf7 46. g4
Rf2+ 47. Kc3 Re2 48. h5 Rxe3+ 49. Kb2 Kd4 50. Rd6+ Kc5 51. Rd2 gxh5 52. gxh5 h6
53. Bf5 Re2 54. Rxe2 Bxe2 55. Bg6 Bc4 56. Kc3 Kd5 57. Be8 Ke5 58. Bg6 Kf4 59.
Be8 Kg5 60. Kb2 Kf6 61. Kc3 Bf7 62. Bxb5 Kg5 63. Be2 Bxh5 64. Bc4 Bd1 0-1

[Event "Campeonato del Mundo sub-20 2010"]
[Site "Chotowa POL"]
[Date "2010.08.14"]
[Round "11.3"]
[White "Hammer, Jon Ludvig"]
[Black "Salem, A.R. Saleh"]
[Result "1/2-1/2"]
[WhiteElo "2636"]
[BlackElo "2469"]
[PlyCount "88"]
[EventDate "2010.08.03"]
[EventType "swiss"]
[EventRounds "13"]
[EventCountry "POL"]
[Source "lmi"]
[SourceDate "2010.08.03"]

1. d4 Nf6 2. c4 g6 3. f3 Bg7 4. e4 d6 5. Nc3 O-O 6. Nge2 Nbd7 7. Be3 c5 8. d5
Ne5 9. Ng3 e6 10. Be2 exd5 11. cxd5 a6 12. a4 h5 13. O-O Nh7 14. h3 h4 15. Nh1
f5 16. exf5 gxf5 17. f4 Ng6 18. Bh5 Qf6 19. Qd2 Bd7 20. a5 Rab8 21. Bf2 b5 22.
axb6 Rxb6 23. Ra2 Be8 24. Be2 Rb4 25. Be3 Bb5 26. Bxb5 axb5 27. Ra6 Qe7 28. Re1
Bd4 29. Nf2 Re8 30. Nfd1 Nxf4 31. Kf1 Nh5 32. Bf2 Be5 33. Rb6 Rf4 34. Nxb5 Ng3+
35. Kg1 Ne4 36. Qc2 Qd8 37. Rc6 Nxf2 38. Nxf2 Bd4 39. Rxe8+ Qxe8 40. Nxd4 Qe1+
41. Kh2 cxd4 42. Rc8+ Nf8 43. Qc7 Rxf2 44. Qxd6 Rxg2+ 1/2-1/2

[Event "Campeonato del Mundo sub-20 2010"]
[Site "Chotowa POL"]
[Date "2010.08.14"]
[Round "11.4"]
[White "Matlakov, Maxim"]
[Black "Swiercz, Dariusz"]
[Result "1-0"]
[WhiteElo "2603"]
[BlackElo "2492"]
[PlyCount "113"]
[EventDate "2010.08.03"]
[EventType "swiss"]
[EventRounds "13"]
[EventCountry "POL"]
[Source "lmi"]
[SourceDate "2010.08.03"]

1. d4 Nf6 2. c4 c5 3. Nf3 cxd4 4. Nxd4 b6 5. Nc3 Bb7 6. f3 e6 7. e4 d6 8. Be2
a6 9. O-O Nbd7 10. a4 Be7 11. a5 O-O 12. Be3 Qc7 13. axb6 Nxb6 14. Qb3 Nbd7 15.
Rfc1 Rfe8 16. Qa2 Qb8 17. b4 d5 18. c5 a5 19. c6 axb4 20. Na4 Nc5 21. Bb5 Rc8
22. cxb7 Qxb7 23. Bc6 Qa6 24. Bxa8 Rxa8 25. Nc6 Qxc6 26. Bxc5 Rxa4 27. Qxa4
Bxc5+ 28. Kh1 Qxa4 29. Rxa4 Bf8 30. exd5 Nxd5 31. Ra7 g6 32. Rb7 Kg7 33. Rc8
Be7 34. Ra8 Bc5 35. Ra5 Bd4 36. Rab5 Bf6 37. Rd7 Ne7 38. Rxb4 Nc6 39. Rbb7 Ne5
40. Rdc7 g5 41. g3 Kg6 42. Kg2 h5 43. f4 gxf4 44. gxf4 Nd3 45. Kf3 e5 46. Rxf7
exf4 47. Rf8 Kf5 48. Rb5+ Ne5+ 49. Kg2 Kg6 50. Ra5 Kg7 51. Re8 f3+ 52. Kg3 h4+
53. Kf2 Nc6 54. Ra6 Nd4 55. Re4 Nb3 56. Rg4+ Kf7 57. Rf4 1-0

[Event "Campeonato del Mundo sub-20 2010"]
[Site "Chotowa POL"]
[Date "2010.08.14"]
[Round "11.5"]
[White "Tomczak, Jacek"]
[Black "Blomqvist, Erik"]
[Result "0-1"]
[WhiteElo "2509"]
[BlackElo "2407"]
[PlyCount "72"]
[EventDate "2010.08.03"]
[EventType "swiss"]
[EventRounds "13"]
[EventCountry "POL"]
[Source "lmi"]
[SourceDate "2010.08.03"]

1. e4 c5 2. Nf3 d6 3. d4 cxd4 4. Nxd4 Nf6 5. Nc3 a6 6. Bc4 e6 7. Bb3 b5 8. O-O
Be7 9. Qf3 Qb6 10. Be3 Qb7 11. Qg3 Nbd7 12. f3 Nc5 13. a3 Nxb3 14. Nxb3 O-O 15.
Rad1 a5 16. a4 bxa4 17. Nxa4 Qc6 18. Ra1 Qxc2 19. Nd4 Qd3 20. Qf2 Qa6 21. Nb3
Nd7 22. Nb6 Nxb6 23. Rxa5 Qb7 24. Bxb6 Rb8 25. Be3 Ra8 26. Bb6 Rb8 27. Ba7 Qxb3
28. Bxb8 Qxb8 29. Qa7 Qxb2 30. Ra2 Qb3 31. Ra3 Qb4 32. Ra4 Qb5 33. Ra5 Qc6 34.
Raa1 Bg5 35. Rfd1 d5 36. e5 Qc3 0-1

[Event "Campeonato del Mundo sub-20 2010"]
[Site "Chotowa POL"]
[Date "2010.08.14"]
[Round "11.8"]
[White "Saric, Ivan"]
[Black "Can, Emre"]
[Result "0-1"]
[WhiteElo "2584"]
[BlackElo "2477"]
[PlyCount "122"]
[EventDate "2010.08.03"]
[EventType "swiss"]
[EventRounds "13"]
[EventCountry "POL"]
[Source "lmi"]
[SourceDate "2010.08.03"]

1. e4 c5 2. Nf3 d6 3. d4 cxd4 4. Nxd4 Nf6 5. Nc3 g6 6. Be3 Bg7 7. f3 O-O 8. Qd2
Nc6 9. Bc4 Bd7 10. Bb3 Rc8 11. O-O-O Ne5 12. Kb1 a6 13. Bh6 Bxh6 14. Qxh6 Rxc3
15. bxc3 Qc7 16. h4 Qxc3 17. h5 Nc4 18. Qc1 b5 19. hxg6 fxg6 20. g4 e5 21. Rd3
Qb4 22. a3 Qc5 23. Ne2 Be6 24. Ba2 d5 25. Ng3 d4 26. Qh6 Rf7 27. Ka1 Nd7 28.
Qg5 Qe7 29. Qxe7 Rxe7 30. f4 exf4 31. Ne2 Bxg4 32. Nxf4 Rxe4 33. Nd5 Kg7 34. a4
h5 35. axb5 axb5 36. c3 Nde5 37. Rxd4 Bf3 38. Rb1 h4 39. Nf4 Na3 40. Rxe4 Bxe4
41. Rf1 g5 42. Bd5 Nc2+ 43. Kb2 Ne3 44. Ne6+ Kh6 45. Rf6+ Bg6 46. Be4 N3g4 47.
Rxg6+ Nxg6 48. Nd4 Ne7 49. Kc2 Nf6 50. Bh1 g4 51. Kd2 h3 52. Ke2 Kg5 53. Nxb5
Nf5 54. Bb7 Kf4 55. c4 Ng3+ 56. Kf2 Nfe4+ 57. Kg1 Ne2+ 58. Kf1 g3 59. Kxe2 g2
60. Nd6 g1=Q 61. Nxe4 Qg2+ 0-1